| 000 -NÁVESTIE |
| fixed length control field |
01611cam a2200445 a 4500 |
| 001 - EVIDENČNÉ ČÍSLO ZÁZNAMU - Kontrolné číslo |
| control field |
vtls010343004 |
| 005 - DÁTUM A ČAS POSLEDNEJ TRANSAKCIE |
| control field |
20250926101122.0 |
| 008 - ÚDAJE S PEVNOU DĹŽKOU – VŠEOBECNÉ INFORMÁCIE |
| fixed length control field |
120220s1998 xr dl f 000 0 cze c |
| 020 ## - MEDZINÁRODNÉ ŠTANDARDNÉ ČÍSLO KNIHY (ISBN) |
| Medzinárodné štandardné číslo knihy (ISBN) |
8020007032 (viaz.) |
| 040 ## - ZDROJ KATALOGIZÁCIE |
| Pôvodná katalogizujúca agentúra |
SNK |
| Jazyk katalogizácie |
slo |
| Prepisujúca agentúra |
SNK |
| Konvencie popisu |
AACR2 |
| 041 0# - KÓD JAZYKA |
| Kód jazyka textu/zvukovej stopy alebo samostatných nápisov |
cze |
| 044 ## - KÓD KRAJINY VYDAVATEĽA/PRODUCENTA |
| Kód krajiny MARC |
xr |
| Kód krajiny ISO |
CZ |
| 072 #7 - KÓD PREDMETOVEJ KATEGÓRIE |
| Kód predmetovej kategórie |
323 |
| Pododdiel kódu predmetovej kategórie |
Vnútropolitický vývoj, politický život |
| Zdroj |
konspekt |
| 072 #7 - KÓD PREDMETOVEJ KATEGÓRIE |
| Kód predmetovej kategórie |
316.3 |
| Pododdiel kódu predmetovej kategórie |
Globálne spoločnosti. Sociálna štruktúra. Sociálne skupiny |
| Zdroj |
konspekt |
| 080 ## - ČÍSLO MEDZINÁRODNÉHO DESATINNÉHO TRIEDENIA (MDT) |
| Číslo Medzinárodného desatinného triedenia (MDT) |
338 |
| Identifikátor vydania |
2001 |
| 080 ## - ČÍSLO MEDZINÁRODNÉHO DESATINNÉHO TRIEDENIA (MDT) |
| Číslo Medzinárodného desatinného triedenia (MDT) |
316.42 |
| Identifikátor vydania |
2001 |
| 080 ## - ČÍSLO MEDZINÁRODNÉHO DESATINNÉHO TRIEDENIA (MDT) |
| Číslo Medzinárodného desatinného triedenia (MDT) |
(048.8) |
| Identifikátor vydania |
2001 |
| 080 ## - ČÍSLO MEDZINÁRODNÉHO DESATINNÉHO TRIEDENIA (MDT) |
| Číslo Medzinárodného desatinného triedenia (MDT) |
32:316.42 |
| Identifikátor vydania |
2001 |
| 080 ## - ČÍSLO MEDZINÁRODNÉHO DESATINNÉHO TRIEDENIA (MDT) |
| Číslo Medzinárodného desatinného triedenia (MDT) |
(437.3) |
| Identifikátor vydania |
2001 |
| 080 ## - ČÍSLO MEDZINÁRODNÉHO DESATINNÉHO TRIEDENIA (MDT) |
| Číslo Medzinárodného desatinného triedenia (MDT) |
316.3 |
| Identifikátor vydania |
2001 |
| 245 00 - NÁZOV |
| Názov |
Zpráva o vývoji české společnosti 1989-1998 |
| Údaj o zodpovednosti atď. |
editor Jiří Večerník ; vedoucí týmu Petr Matějů |
| 250 ## - ÚDAJ O PORADÍ VYDANIA |
| Údaj o poradí vydania |
1. vyd. |
| 260 ## - VYDAVATEĽSKÉ ÚDAJE, DISTRIBÚCIA ATĎ. |
| Miesto publikovania, distribúcie atď. |
Praha |
| Názov vydavateľa, distibútora atď. |
Academia |
| Dátum publikovania, distribúcie atď. |
1998 |
| 300 ## - FYZICKÝ POPIS |
| Rozsah |
364 s. |
| Ďalšie fyzické detaily |
grafy, sch., tab. |
| Rozmery |
23 cm |
| 648 #7 - PRIDANÝ VSTUP – PREDMET – CHRONOLOGICKÝ TERMÍN |
| Chronologický termín |
1989-1998 |
| Zdroj hesla alebo termínu |
SNKPH |
| -- |
4851 |
| 650 07 - PRIDANÝ VSTUP – PREDMET – TEMATICKÉ HESLO |
| Tematické heslo alebo geografický názov ako vstupný prvok |
ekonomická transformácia |
| Zdroj hesla alebo termínu |
SNKPH |
| -- |
4852 |
| 650 07 - PRIDANÝ VSTUP – PREDMET – TEMATICKÉ HESLO |
| Tematické heslo alebo geografický názov ako vstupný prvok |
Economic transformation |
| Zdroj hesla alebo termínu |
SNKPHeng |
| -- |
4853 |
| 650 07 - PRIDANÝ VSTUP – PREDMET – TEMATICKÉ HESLO |
| Tematické heslo alebo geografický názov ako vstupný prvok |
spoločnosť |
| Zdroj hesla alebo termínu |
SNKPH |
| -- |
2817 |
| 650 07 - PRIDANÝ VSTUP – PREDMET – TEMATICKÉ HESLO |
| Tematické heslo alebo geografický názov ako vstupný prvok |
Society |
| Zdroj hesla alebo termínu |
SNKPHeng |
| -- |
4854 |
| 651 #7 - PRIDANÝ VSTUP – PREDMET – GEOGRAFICKÝ NÁZOV |
| Geografický názov |
Česko |
| Všeobecný pododdiel |
politická transformácia |
| Zdroj hesla alebo termínu |
SNKPH |
| -- |
4855 |
| 651 #7 - PRIDANÝ VSTUP – PREDMET – GEOGRAFICKÝ NÁZOV |
| Geografický názov |
Česko |
| Všeobecný pododdiel |
sociálna transformácia |
| Zdroj hesla alebo termínu |
SNKPH |
| -- |
4856 |
| 651 #7 - PRIDANÝ VSTUP – PREDMET – GEOGRAFICKÝ NÁZOV |
| Geografický názov |
Czechia |
| Všeobecný pododdiel |
political transformation |
| Zdroj hesla alebo termínu |
SNKPHeng |
| -- |
4857 |
| 651 #7 - PRIDANÝ VSTUP – PREDMET – GEOGRAFICKÝ NÁZOV |
| Geografický názov |
Czechia |
| Všeobecný pododdiel |
social transformation |
| Zdroj hesla alebo termínu |
SNKPHeng |
| -- |
4858 |
| 655 #7 - INDEXAČNÝ TERMÍN – ŽÁNER/FORMA |
| Údaje o žánri/forme alebo termín, ktorý je prvok fazety |
štúdie |
| Zdroj termínu |
SNKPH |
| -- |
1987 |
| 655 #7 - INDEXAČNÝ TERMÍN – ŽÁNER/FORMA |
| Údaje o žánri/forme alebo termín, ktorý je prvok fazety |
prehľady |
| Zdroj termínu |
SNKPH |
| -- |
2711 |
| 655 #7 - INDEXAČNÝ TERMÍN – ŽÁNER/FORMA |
| Údaje o žánri/forme alebo termín, ktorý je prvok fazety |
Studies |
| Zdroj termínu |
SNKPHeng |
| -- |
4859 |
| 655 #7 - INDEXAČNÝ TERMÍN – ŽÁNER/FORMA |
| Údaje o žánri/forme alebo termín, ktorý je prvok fazety |
Surveys |
| Zdroj termínu |
SNKPHeng |
| -- |
2712 |
| 700 1# - PRIDANÝ VSTUP – OSOBNÉ MENO |
| Osobné meno |
Matějů, Petr, |
| Dátumy súvisiace s menom |
1950-2017 |
| Kód roly |
aut |
| -- |
4860 |
| 700 1# - PRIDANÝ VSTUP – OSOBNÉ MENO |
| Osobné meno |
Večerník, Jiří, |
| Dátumy súvisiace s menom |
1941- |
| Kód roly |
edt |
| -- |
4861 |